| 000 | 00517ntaaa2200181 4500 | ||
|---|---|---|---|
| 003 | 01 | ||
| 005 | 20251027202804.0 | ||
| 008 | 0714s1973 ag 01 | ||
| 040 |
_aAR-BaBN _bspa _cAR-BaBN _eaacr _dRIC |
||
| 082 | _a860.0000 M52 | ||
| 100 |
_aMendoza, Diego Hurtado de _928155 |
||
| 245 | _aLa vida de Lazarillo de Tormes ye de sus fortunas y adversidades | ||
| 250 | _a1 ed. | ||
| 260 |
_aBuenos Aires : _bEditorial Sopena Argentina S.R.L., _cc1940 |
||
| 300 | _a157 p | ||
| 500 | _aLiteratura espaƱola | ||
| 942 | _cBK | ||
| 999 |
_c23202 _d23202 |
||